| 000 | 01105nac a22003377a 4500 | ||
|---|---|---|---|
| 001 | BR8204034 | ||
| 003 | BR-BrBNA | ||
| 005 | 20240105115423.0 | ||
| 008 | 230509b bl.|||m| |||| 00| 0 por d | ||
| 040 |
_aBR-BrBNA _bpor _cBiblioteca Nacional de Agricultura |
||
| 072 | _aF50 | ||
| 090 | _a1120 BR8204034 | ||
| 100 | 1 | _aDonadio, L.C. | |
| 100 | 1 | _aSoares, N.B. | |
| 100 | 1 | _aMoraes, L.G. de | |
| 100 | 1 | _aXavier, N.J.D. | |
| 100 | 1 | _aScalopi, E.J. | |
| 100 | 1 | _aPiza Junior, C. de T. | |
| 110 | 1 | _aCoordenadoria de Assistencia Tecnica Integral, Campinas, SP (Brasil) | |
| 245 | 1 | _aCaracteristicas de algumas variedades de mangueira cultivadas no estado de Sao Paulo [Mangifera indica, Brasil] | |
| 260 | 3 |
_aCampinas, SP (Brasil): _c1982. |
|
| 300 | _a16 p. | ||
| 490 |
_aBoletim Tecnico - Coordenadoria de Assistencia Tecnica Integral (Brazil) _vno. 171 _xISSN 0100-4417 |
||
| 650 | _aMANGA | ||
| 650 | _aVARIEDADE | ||
| 650 | _aFRUTO | ||
| 650 | _aCARACTERISTICAS AGRONOMICAS | ||
| 650 | _aSAO PAULO | ||
| 909 |
_a202312 _bLúcia Elande _c55 _dLúcia Elande |
||
| 942 |
_2AGRIS _n0 _cMS |
||
| 999 |
_c274733 _d274733 |
||